00406nam a2200121Ia 4500003000400000005001700004008004100021040001800062041000800080100005300088245010800141260003500249OSt20260128111920.0211028s2017 xx 000 0 und d cAIMIT LIBRARY aeng aBandekar, Vivechana V; Godwin j, Benny.g1516180 aProcess of recruitment selection and its perception at Aditya Birla chemicals ( India) limited Karwar / aMangalorebBenny Godwin.c2017